| 000 | 00353 a2200145 4500 | ||
|---|---|---|---|
| 999 |
_c7716 _d7716 |
||
| 020 | _a9781859841150 | ||
| 050 | _aJC 328.6 KEA 1996 | ||
| 100 |
_aKeane, John _eauthor |
||
| 245 | _aReflections on violence/ | ||
| 264 |
_aNew York: _bVerso; _c1996 |
||
| 300 | _a200p.; | ||
| 500 | _aIncludes index | ||
| 650 | _aViolence | ||
| 942 |
_2lcc _cBK _h328.6 _iKEA _kJC |
||